avengers: endgame - Statistics

General Stats
  • This quiz has been taken 208 times
  • The average score is 6 of 7
Answer Stats
Question Answer % Correct
who becomes fat thor
100%
who dies for the soul stone black widow
95%
who is human dr strange
95%
who is trapped in the _____ realm for 5 years ant-man
91%
what is the name of that realm? quantum
91%
pineapple= pineapple
64%
who is dead at the beginning wanda
50%
No matching quizzes found
Score Distribution
Percent of People with Each Score
Percentile by Number Answered
Your Score History
You have not taken this quiz